Statistics for Столицы регионов России

Click here to take the quiz!

General Stats

  • This quiz has been taken 1 781 times
  • The average score is 59 of 85

Answer Stats

HintAnswer% Correct
МоскваМосква
93%
Иркутская областьИркутск
90%
Санкт-ПетербургСанкт-Петербург
90%
Белгородская областьБелгород
89%
Воронежская областьВоронеж
89%
Владимирская областьВладимир
88%
Брянская областьБрянск
88%
Волгоградская областьВолгоград
88%
Омская областьОмск
88%
Хабаровский крайХабаровск
88%
Кировская областьКиров
88%
Ростовская областьРостов
88%
Краснодарский крайКраснодар
88%
Астраханская областьАстрахань
88%
Архангельская областьАрхангельск
87%
Пермский крайПермь
87%
Курская областьКурск
87%
Калининградская областьКалининград
87%
Новосибирская областьНовосибирск
87%
Самарская областьСамара
87%
Мурманская областьМурманск
87%
Оренбургская областьОренбург
86%
Челябинская областьЧелябинск
86%
Тюменская областьТюмень
86%
Томская областьТомск
86%
Саратовская областьСаратов
86%
Липецкая областьЛипецк
86%
Магаданская областьМагадан
86%
Костромская областьКострома
86%
Рязанская областьРязань
86%
Кемеровская областьКемерово
86%
Красноярский крайКрасноярск
85%
Псковская областьПсков
85%
Курганская областьКурган
85%
Пензенская областьПенза
85%
Калужская областьКалуга
84%
Смоленская областьСмоленск
84%
Тверская областьТверь
84%
Ярославская областьЯрославль
84%
СевастопольСевастополь
84%
Тамбовская областьТамбов
83%
Нижегородская областьНижний Новгород
83%
Тульская областьТула
83%
Ставропольский крайСтаврополь
83%
Республика ТатарстанКазань
83%
Ульяновская областьУльяновск
83%
Вологодская областьВологда
81%
Ивановская областьИваново
79%
Орловская областьОрёл
74%
Республика БашкортостанУфа
74%
Республика Саха (Якутия)Якутск
73%
Чеченская РеспубликаГрозный
72%
Приморский крайВладивосток
68%
Свердловская областьЕкатеринбург
68%
Новгородская областьВеликий Новгород
66%
Республика ДагестанМахачкала
65%
Республика КрымСимферополь
64%
Республика БурятияУлан-Удэ
54%
Республика КарелияПетрозаводск
53%
Сахалинская областьЮжно-Сахалинск
51%
Ханты-Мансийский АОХанты-Мансийск
51%
Камчатский крайПетропавловск-Камчатский
50%
Республика Марий ЭлЙошкар-Ола
48%
Удмуртская РеспубликаИжевск
47%
Республика Северная Осетия — АланияВладикавказ
45%
Алтайский крайБарнаул
45%
Забайкальский крайЧита
44%
Еврейская АОБиробиджан
43%
Республика АлтайГорно-Алтайск
43%
Республика КалмыкияЭлиста
42%
Республика АдыгеяМайкоп
42%
Республика КомиСыктывкар
42%
Кабардино-Балкарская РеспубликаНальчик
41%
Чувашская Республика — ЧувашияЧебоксары
41%
Республика МордовияСаранск
41%
Республика ТываКызыл
40%
Амурская областьБлаговещенск
38%
Карачаево-Черкесская РеспубликаЧеркесск
37%
Чукотский АОАнадырь
35%
Республика ИнгушетияМагас
33%
Республика ХакасияАбакан
33%
Ямало-Ненецкий АОСалехард
27%
Ленинградская областьГатчина
26%
Ненецкий АОНарьян-Мар
25%
Московская областьКрасногорск
23%

Score Distribution

Percentile by Number Answered

Percent of People with Each Score

Your Score History

You have not taken this quiz